| 000 | 00698nam a2200229 a 4500 | ||
|---|---|---|---|
| 005 | 20251204064012.0 | ||
| 008 | 010625s1997 r 000 0 eng d | ||
| 020 | _a8436811208 | ||
| 035 | _aUPN01000108961 | ||
| 049 | _aCG | ||
| 050 | 4 |
_aHV9186 _bU7.2 1997 |
|
| 100 | 1 | _aUrra Portillo, Javier | |
| 245 | 1 | 0 |
_aAdolescentes en conflicto : _b29 casos reales / _cJavier Urra Portillo. |
| 250 | _a2a ed. | ||
| 260 |
_aMadrid : _bPirámide, _c1997. |
||
| 300 | _a228 p. | ||
| 440 | 0 | _aPsicología jurídica | |
| 650 | 4 |
_aDelincuencia juvenil _zEspaña _vEstudio de casos _912955 |
|
| 650 | 4 |
_aPsicología del adolescente _91013 |
|
| 650 | 4 |
_aTRIBUNALES PARA MENORES - _zESPAÑA _923 |
|
| 905 | _aLibro | ||
| 999 |
_c82872 _d82872 |
||